15 Największych miast w Holandii (Niderlandach) na mapie - Statystyki

Ogólne statystyki
  • Ten quiz został rozwiązany 56 razy
  • Średni wynik to 7 z 15
Odpowiedzi na mapie
Odpowiedzi zakodowano w zielono-czerwonej skali na mapie do tego quizu, zgodnie z poniższymi procentami.
 
Statystyki odpowiedzi
Populacja Miasto % Poprawnych
930k Amsterdam
100%
670k Rotterdam
100%
560k Haga
93%
370k Utrecht
74%
240k Groningen
70%
250k Eindhoven
63%
190k Breda
48%
190k Nijmegen
37%
170k Haarlem
30%
220k Almere
26%
160k Arnhem
26%
230k Tilburg
22%
150k Amersfoort
15%
170k Apeldoorn
11%
160k Hoofddorp
0%
Nie znaleziono quizów pasujących do podanych kryteriów
Rozkład punktacji
Procent ludzi z każdym wynikiem
Percentyl według liczby udzielonych odpowiedzi
Twoja historia wyników
Nie rozwiązałeś tego quizu